01639nam a22003497i 4500003000900000005001700009008004100026040004300067041000800110082002600118092000700144099003500151100004700186245011900233264007000352300003500422336002400457337002800481338004300509490006600552500004300618504006900661546002400730650006100754651001000815856005700825905001300882942001900895999001700914952017900931952017901110EG-GICUC20260121101531.0251222s1955    fr k|||fr|||| 001 0 fre d  aEG-GiCUCbfrecEG-GiCUCdEG-GiCUCeRda  afre04221a341.83044bSI . A04221  aLaw1 12	341.83044 SI . A  19551 aSimon-Depitre, Marthe,d1911-1997,eAuteur12aL'activité Professionnelle Des Étrangers en France (Professions Non Salariées) /cPar  Marthe Simon-Depitre. 1aParis :bLibrairie du Journal des notaires et des avocats,c1955.  a431 pages :bforms. ;c 24 cm.  2rda contenua texte  2rda  mediasaOrdinateur  2 transporteur rdaa Ressource en ligne0 aComment faire: législation, jurisprudence, doctriné ;v6.  aTraités internationaux": p. 223-372.  aInclude Bibliography: pages 395-400 And Bibliographic references  aTexte en français14aÉtrangers xDroit international privézFrance2qrmak1 2qrmak40uhttps://fll.law.cu.edu.eg/fulltext/bks/B12-01681.pdf  a75eYara  2ddccBKe21n0  c52106d52106  00102ddc40718القانون الدولي الخاصaCUbLAW1d2025-12-22l0oLaw1 12	341.83044 SI . A  1955 1201681	C1pB12-01681r2025-12-22 08:36:08t1w2025-12-22yBK  00102ddc40708القانون الدولي الخاصaCUbLAW1d2025-12-22l0oLaw1 12	341.83044 SI . A  1955 1201682	C2pB12-01682r2025-12-22 08:38:53t2w2025-12-22yBK